000 00871nas a2200253 4500
001 BR8102658
003 BR-BrBNA
005 20231205084719.0
007 ta
008 230509b bl.|||p| |||| 00| 00por d
040 _aBR-BrBNA
_bpor
_cBiblioteca Nacional de Agricultura
041 _a(Pt)
072 _aP12; E30
100 1 _aLeite, P.S.
245 1 _aProducao cooperativa nos projetos de irrigacao do nordeste: situacao de perspectivas [Brasil]
246 1 _a[Cooperative production in the northeast irrigation project: situation and perspectives [Brazil]]
650 _aIrrigacao
650 _aProjeto de desenvolvimento
650 _aCooperativa
650 _aNordeste
773 0 _tRevista Economica do Nordeste (Brazil)
_xISSN 0100-4956
_g(Apr 1981), v. 12(2) p. 395-433
_wBR8102658
909 _a202311
_bLúcia
_c55
_dLúcia Elande
942 _2AGRIS
_n0
_cANA
999 _c106824
_d106824